000
00332nam a2200133Ia 4500
003
GCL
008
140319s9999 xx 000 0 ara d
040
_a
GCL /
_c
GCL
082
0
4
_a
956.83
_b
ا م
245
1
0
_a
المسجد الزيدانى فى تبنة
260
_a
[S.N] :
_b
لا يوجد ،
_c
1988
300
_a
149 ص
490
_a
999
_c
35536
_d
35536